Diario di un precario /

Saved in:
Bibliografiske detaljer
Hovedforfatter: Nastasi, Giovanna (Author)
Andre forfattere: Di Pietro, Antonio, (1950- ) (Author of introduction, etc.)
Format: Bog
Sprog:italiensk
Udgivet: Palermo : Officina Trinacria, 2010
Serier:I vascelli ; 5
Fag:
Tags: Tilføj Tag
Ingen Tags, Vær først til at tagge denne postø!

MARC

LEADER 00000nam a22000007i 4500
001 IT\ICCU\PAL\0286365
003 ItRI
005 20241227105010.0
008 160113s2010 it |||||| ||||| |||||c
020 |a 9788896490136 
040 |b ita  |c ARCIGAY RIMINI 
041 7 |a ita  |2 ISO-639-2 
082 |a 305.562092  |2 22 
100 1 |a Nastasi, Giovanna  |0 IT\ICCU\CFIV\290008  |4 aut 
245 1 0 |a Diario di un precario /  |c Giovanna Nastasi ; prefazione di Antonio Di Pietro. 
260 |a Palermo :  |b Officina Trinacria,  |c 2010 
300 |a 94 p. ;  |c 21 cm 
650 7 |a Lavoratori precari  |x 2009  |x Diari  |2 nsbncf 
700 1 |a Di Pietro, Antonio,  |d  (1950- )  |0 IT\ICCU\LO1V\141934  |4 aui 
830 2 |a I vascelli ;  |v 5  |0 IT\ICCU\PAL\0236521 
942 |2 ddc  |c BK 
952 |0 0  |1 0  |2 ddc  |4 0  |6 305_562000000000000_NAS_DIA  |7 1  |9 2394  |a RN  |b RN  |d 2024-12-27  |l 0  |o 305.562 NAS DIA  |p 9847  |r 2024-12-27 10:50:40  |w 2024-12-27  |y BK 
981 1 |6 z01  |a i   |b xxxe  
982 1 |6 z01  |a n 
999 |c 2092  |d 2092